Statistiques concernant Chaque formes de pays l'OTAN

Cliquez ici pour prendre le quiz!

Statistiques générales

  • Ce quiz a été pris 69 fois
    (17 depuis la dernière actualisation)
  • Le résultat moyen est 25 sur 30

Statistiques - réponses

Answer % Correct
Royaume-Uni
100%
France
100%
Italie
100%
Espagne
100%
Danemark
93%
Turquie
93%
Portugal
93%
Islande
93%
Norvège
93%
Grèce
93%
Pays-Bas
93%
Etats-Unis
93%
Croatie
93%
Canada
93%
Allemagne
87%
Pologne
87%
Belgique
87%
Albanie
80%
Bulgarie
80%
Slovaquie
73%
Hongrie
73%
Roumanie
73%
République tchèque
67%
Slovénie
67%
Lituanie
67%
Lettonie
67%
Estonie
67%
Luxembourg
67%
Monténégro
67%
Macédoine du Nord
60%

Distribution des résultats

Percentile par nombre de réponses

% des personnes avec chaque résultat

Votre développement - résultats

Vous n’avez pas pris ce quiz depuis la dernière actualisation